00558nam a2200145 a 4500008004100000020001800041050001500059100002100074245013500095250001600230260005400246300003300300650006200333650001700395190709s2000 ||||||||||||||||| || u a9788122412253 aTD 201 Pan aPanchdhari, A. C10aWater supply and sanitary installations (within building) design, construction and maintenance. (2nd edition)cBy A. C. Panchdhari a2nd edition aBangalorebNew Age International Publishersc2000 ax, 222 pages : illustrations aSANITARY INSTALLATIONS--DESIGN--CONSTRUCTION--MAINTENANCE 0aWATER SUPPLY